LEADER 01248nam a2200289 i 4500 001 000000051152 003 CaOOAMICUS 005 20210420165528.0 008 091002s1991 it u000 u ita u 013 $a22324 020 $a88-307-0326-5 040 $aSeMil$bita 245 03$aLa missione del redentore :$bcommenti all'enciclica «Redemptoris Missio». 264 1$aBologna :$bEditrice Missionaria Italiana,$c1991. 300 $a158 p. ;$c21 cm. 490 1 $aLa missione 500 $aIn testa al front : Autori vari. 650 4$aGiovanni Paolo II - Encicliche . Redemptoris Missio.$0(OLS)http://semarc/subject/43133 650 4$aTeologia missionaria.$0(OLS)http://semarc/subject/5367 830 3$aLa missione.$0(OLS)http://semarc/title/7811 850 $aSeMil 852 $aSeMil$W1$xVenegono$y1$m3E I 311$j17307$B17307$CSeMilBibl$Z2$F17308 $81 961 $aOmaggio: Fontana don Claudio 996 $6020$a88-307-0326-5$9(OLS)http://semarc/number/25179 996 $6245$aLa missione del redentore :$bcommenti all'enciclica «Redemptoris Missio»$9(OLS)http://semarc/title/78274 996 $6264$aBologna :$bEditrice Missionaria Italiana$9(OLS)http://semarc/publisher/32722 LEADER 01812nam a2200265 i 4500 001 000000205342 003 CaOOAMICUS 005 20220704101441.0 008 110819s1654 it u000 u lat u 013 $a184079 026 $as-u- liut s.ed esna (3) 1654 (R) 040 $aSeMil$bita 100 1 $aTixier, Jean,$d.$0(OLS)http://semarc/name/73924 245 10$aEpitheta Ioannis Rauisii Textoris Niuernensis, opus absolutissimum. Post varias editiones, ipsiusque Auctoris recognitionem, & doctissimorum virorum emendationes locupletatum ... Accesserunt De Prosodia libri 4. quos Epithetorum praeposuimus operi. Item, de Carminibus ad veterum imitationem artificiose componendis .. 260 $aMediolani :$bEx Typographia Io. Petri Cardi,$c1654. 300 $a134, [2] p., 508 c. ;$c8°. 500 $aFront. in cornice a doppio filetto. - Cors. ; rom. 500 $aMarca editoriale: La Fortuna: una donna in mare poggia il piede sinistro su un globo e tiene con le mani una vela spiegata al vento. Entro cornice figurata. - Marca non censita. 500 $aSegn.: ?8 b-G8 H12 a-2Q8 2R12 710 0 $aCardi, Giovanni Pietro$c.$0(OLS)http://semarc/name/38238 850 $aSeMil 852 $aSeMil$W1$xVenegono$y1$m1O III 48 FA$j155836$B155836$CSeMilBibl$Z2$F167186 $8I 996 $6245$aEpitheta Ioannis Rauisii Textoris Niuernensis, opus absolutissimum. Post varias editiones, ipsiusque Auctoris recognitionem, & doctissimorum virorum emendationes locupletatum ... Accesserunt De Prosodia libri 4. quos Epithetorum praeposuimus operi. Item, de Carminibus ad veterum imitationem artificiose componendis ..$9(OLS)http://semarc/title/297221 996 $6260$aMediolani :$bEx Typographia Io. Petri Cardi$9(OLS)http://semarc/publisher/52010